| 000 | 02762nam a2200301 i 4500 | ||
|---|---|---|---|
| 005 | 20250329165508.0 | ||
| 007 | ta | ||
| 008 | 200622s2022 000 0 eng d | ||
| 040 |
_aCO-CtgCURN _bspa _ccoctgcurn _erda |
||
| 082 | 0 |
_aTCS 2022 _bN725 |
|
| 100 | 1 |
_aNisperuza Díaz, Milagro del Carmen, _eauthor. _4aut |
|
| 245 | 1 | 0 |
_aAnálisis de las principales teorías contables y la prospectiva de los contadores públicos / _cMilagro Del Carmen Nisperuza Diaz; Maria Fernanda Gonzales Aguilera; Juan Sebastian Arrieta de Arco; asesor: Alain Fitzgerard Castro Alfaro. |
| 260 |
_aCartagena de Indias : _bCorporación Universitaria Rafael Núñez, _c2022. |
||
| 260 | 4 | _c©2022. | |
| 300 | _a26 hojas. | ||
| 336 |
_atext _btxt _2rdacontent |
||
| 337 |
_aunmediated _bn _2rdamedia |
||
| 338 |
_avolume _bnc _2rdacarrier |
||
| 502 | _aTrabajo de grado (Tecnologo en contabilidad sistematizada). Corporación Universitaria Rafael Núñez. Facultad de Ciencias Administrativas y Contables. Programa de Tecnología en Contabilidad Sistematizada, 2022. | ||
| 520 | 8 | _a"La investigación de la contabilidad es fundamental, pues con esta se busca propiciar la práctica empírica a través de las reflexiones provenientes del objeto de estudio, de la naturaleza misma de la contabilidad y del método, así como mediante el fundamento teórico se construye conocimiento empírico que luego estar arraigado a la toma de decisiones en la práctica del ejercicio profesional, de ahí la importancia del estudio de la contabilidad desde las perspectivas teóricas, histórica y de pensamiento. Es por esto que la siguiente investigación tiene como objetivo principal, analizar las principales teorías contables desde sus inicios y la prospectiva de los contadores públicos. Para lograr esto se utilizó el método científico de la observación, es decir, se partió de un análisis profundo sobre la información recolectada, valorando la información a través del grupo de discusión de la investigación, así mismo se le dio un carácter descriptivo a la investigación ya que esta procuro identificar cuáles han sido las teorías contables más relevantes del pensamiento contable, que han surgido a lo largo de la historia contable." | |
| 650 | 0 |
_aContabilidad sistematizada _xTesis y disertaciones académicas. |
|
| 700 | 1 | _aGonzales Aguilera, Maria Fernanda. | |
| 700 | 1 | _aArrieta de Arco, Juan Sebastian. | |
| 700 | 1 |
_aCastro Alfaro, Alain Fitzgerard, _etutor. |
|
| 856 | 7 |
_uhttps://unicurn.sharepoint.com/:b:/s/biblioteca/ETmn0ajz3KRIs7om1HeWzwQBlgax79iDUVmC5RIPe0BgHA?e=ymrHHK _zClick aqui para ver el recurso en texto completo |
|
| 942 |
_cTG _hTCS 2022 _iN725 _aMHC _bMHC _2ddc |
||
| 999 |
_c5900 _d5900 |
||